000 00559nam a2200193Ia 4500
005 20250507130213.0
008 008 250505s9999 xx 000 0 eng d
037 _aSeries Article
040 _aEASL
_beng
_cEASL
041 _aeng
_2eng
084 _qEASL
100 _aDewald Erich
_9668816
245 0 _aTaking to the waves: vietnamese society around the radio in the 1930s
260 _aUK
_bCambridge Cambridge University Press UK
_c2012
300 _a143-166
650 _aTechnologies
942 _cSRA
999 _c1318307
_d1318307